[Event "Niedersachsen-ch op-B"]
[Site "Verden"]
[Date "2015.01.04"]
[Round "5"]
[White "Schweda, Finn Lukas"]
[Black "Krzywik, Miroslaw"]
[Result "1-0"]
[WhiteElo "1210"]
[BlackElo "1510"]
[PlyCount "179"]
[EventDate "2015.01.02"]
[EventType "swiss"]
[EventRounds "7"]
[EventCountry "GER"]
[SourceTitle "EXT 2018"]
[Source "ChessBase"]
[SourceDate "2017.10.13"]
[SourceVersion "1"]
[SourceVersionDate "2017.10.13"]
[SourceQuality "1"]

1. e4 c5 2. f4 d6 3. Nf3 Nc6 4. Bb5 Bd7 5. 0-0 Nf6 6. d3 e6 7. Re1 Be7 8. e5 dxe5 9. fxe5 Nd5 10. c3 0-0 11. d4 a6 12. Bd3 cxd4 13. cxd4 Qb6 14. Bc4 Qc7 15. Bxd5 exd5 16. Nc3 Be6 17. Bf4 b5 18. Rc1 Qb6 19. Qd2 Rac8 20. Kh1 Qb7 21. Bg5 Bxg5 22. Nxg5 Ne7 23. Rf1 Nf5 24. Qd3 Qe7 25. Rxf5 h6 26. Nxe6 fxe6 27. Rxf8+ Rxf8 28. Rf1 Rxf1+ 29. Qxf1 Qb4 30. Qf2 Qc4 31. a3 b4 32. axb4 Qxb4 33. h3 a5 34. Kh2 a4 35. Qd2 h5 36. Nb1 Qb3 37. Qc3 Qd1 38. Na3 h4 39. Nb5 Qf1 40. Nc7 Qf4+ 41. Kg1 Qf5 42. Na6 Qb1+ 43. Kh2 Qa1 44. Nc5 Qb1 45. Nxa4 Qf5 46. b4 g5 47. Qf3 Qg6 48. b5 Qe8 49. Nc5 Qxb5 50. Nxe6 Qd7 51. Qf8+ Kh7 52. Nxg5+ Kg6 53. Qf6+ Kh5 54. e6 Qc7+ 55. Qe5 Qe7 56. Nf7+ Kg6 57. Qg5+ Qxg5 58. Nxg5 Kf6 59. Nf3 Kxe6 60. Nxh4 Kf6 61. Nf3 Kf5 62. Kg3 Ke4 63. h4 Kf5 64. h5 Kf6 65. Kf4 Kg7 66. Ke5 Kh6 67. Kxd5 Kxh5 68. Ke6 Kg4 69. d5 Kg3 70. d6 Kxg2 71. d7 Kxf3 72. d8R Ke4 73. Rd5 Kf4 74. Ra5 Kg4 75. Kf6 Kf4 76. Ra4+ Ke3 77. Rg4 Kd3 78. Ke5 Kc3 79. Kd5 Kb3 80. Kc5 Ka3 81. Kb5 Kb3 82. Rg3+ Kc2 83. Kc4 Kd2 84. Ra3 Kc2 85. Ra2+ Kb1 86. Rh2 Kc1 87. Kd3 Kb1 88. Kc3 Ka1 89. Kb3 Kb1 90. Rh1# 1-0